Grammatik der griechischen Papyri aus der Ptolemäerzeit /

محفوظ في:

المؤلف الرئيسي: Mayser, Edwin, 1859-1937 (مؤلف)

مؤلفون آخرون: Schnoll, Hans.

التنسيق: كتاب

اللغة: German

منشور في: Berlin : W. de Gruyter, 1970.

الموضوعات:

الوسوم: إضافة وسم

لا توجد وسوم, كن أول من يضع وسما على هذه التسجيلة!

رقم الطلب: PA611 .M31 v.1-2

LEADER 01045nam a22002777a 4500
003 OSt
005 20250915124510.0
008 250915s1970 gw b 001 0 ger d
010 |a 72302246 
040 |c ARCE Library 
043 |a f-ua--- 
050 1 4 |a PA611   |b .M31 v.1-2 
100 1 |a Mayser, Edwin,  |d 1859-1937,  |e author  |9 35646 
245 1 0 |a Grammatik der griechischen Papyri aus der Ptolemäerzeit /  |c von Edwin Mayser. 
264 1 |a Berlin :  |b W. de Gruyter,   |c 1970. 
300 |a 2 volumes in 6 ;   |c 24 cm. 
500 |a Reprint edition; edition varies. 
504 |a Includes bibliographical references and indexes. 
505 0 |a Bd. 1. Laut- und Wortlehre. T. 1. Einleitung und Lautlehre. T. 2. Flexionslehre. T. 3. Stammbildung -- Bd. 2. Satzlehre. T. 1-2. Analytischer Teil. T. 3. Synthetischer Teil. 
650 0 |a Greek language, Hellenistic (300 B.C.-600 A.D.)  |x Grammar. 
650 0 |a Manuscripts, Greek (Papyri). 
650 0 |a Ostraka. 
700 1 |a Schnoll, Hans.  |9 39471 
901 |a reviewed 
942 |c BK  |2 lcc 
999 |c 22237  |d 22237